1867 1969 1824 1289 1196 1916 1649 1934 1520 1498 1494 1641 1196 1004 1158 1866 1658 1363 1851 1341 1299 1940 1217 1853 1887 1590 1502 1231 1196 1434 1152 1379 1133 1290 1394 1030 1888 1642 1844 1842 1845 1111 1662 1045 1580 1213 1780 1542 1334 1897 1464 1422 1898 1457 1558 1472 1729 1749 1927 1249 1275 1238 1055 1967 1613 1118 1791 1429 1604 1430 1184 1565 1486 1305 1108 1919 1017 1438 1939 1462 1268 1629 1121 1748 1944 1888 1080 1042 1766 1979 1902 1258 1055 1992 1100 1545 1034 1428 1231 BCNSPRNW ULIB Ver.6.0+V

เปลี่ยนเป็นภาษาไทย

Change to English
 แสดงรายละเอียดบรรณานุกรม
  กลับหน้าหลัก

Brief Record : Get Marc (ISO 2709) : E-mail record : QR code < ปิดหน้าต่าง
LEADER : 00000nam 2200000uu 4500
001    13399124200
003     ULIB
008    150126s2556||||th 000 0 tha d
020    ^a9786162790690
060  4 ^aWY156^bน578
100    ^aนิตยา อังานิชเจริญ
245    ^aการพยาบาลผู้ป่วยโรคเนื้องอกต่อมใต้สมอง/^cนิตยา อังานิชเจริญ,ทัศนีย์ อินทรสมใจ,ศิริลักษณ์ สุทธิชูไพบูลย์
250    ^aพิมพ์ครั้งที่ 2
260    ^aกรุงเทพฯ :^bพี.เอ.ลีฟวิ่ง,^c2556
300    ^a103 หน้า;^b21 ซม.
650  7 ^aเนื้องอกต่อมใต้สมอง^xการพยาบาล
700    ^aทัศนีย์ อินทรสมใจ
700    ^aศิริลักษณ์ สุทธิชูไพบูลย์
945    ^p150^l0^i038947
945    ^p150^l0^i038948
945    ^p150^l0^i038949
945    ^p150^l0^i038950
945    ^p150^l0^i038951
945    ^p150^l0^i038952
945    ^p150^l0^i038953
945    ^p150^l0^i038954
945    ^p150^l0^i038955
945    ^p150^l0^i038956
945    ^p150^l0^i038957
945    ^p150^l0^i038958
945    ^p150^l0^i038959
945    ^p150^l0^i038960
945    ^p150^l0^i038961
999    ^aเกษร โพธิ์สุวรรณ
รายการนี้ยังไม่มีแท็ก
คุณยังไม่ได้ล็อกอิน คุณสามารถมีกิจกรรมร่วมกับเว็บไซต์ได้ แต่ต้องล็อกอินก่อน ::
  ล็อกอิน

รายการสื่อสารสนเทศ

ลำดับที่ ประเภท เลขเรียก/บาร์โค้ด สถานที่ สถานะ
1. Book การพยาบาล
หนังสือสำรอง
สถานะ=หนังสือสำรอง
WY156 น578 ฉ.1 
  Barcode: 038947
ห้องสมุดวิทยาเขตสวรรค์ประชารักษ์
►หนังสือทั่วไป
บนชั้น
2. Book การพยาบาล
Book การพยาบาล
WY156 น578 ฉ.10 
  Barcode: 038956
ห้องสมุดวิทยาเขตสวรรค์ประชารักษ์
►ส่วนจัดเก็บหนังสือเก่า สปร
บนชั้น
  ขอยืม
3. Book การพยาบาล
Book การพยาบาล
WY156 น578 ฉ.11 
  Barcode: 038957
ห้องสมุดวิทยาเขตสวรรค์ประชารักษ์
►หนังสือทั่วไป
บนชั้น
4. Book การพยาบาล
Book การพยาบาล
WY156 น578 ฉ.12 
  Barcode: 038958
ห้องสมุดวิทยาเขตสวรรค์ประชารักษ์
►หนังสือทั่วไป
บนชั้น
5. Book การพยาบาล
Book การพยาบาล
WY156 น578 ฉ.13 
  Barcode: 038959
ห้องสมุดวิทยาเขตสวรรค์ประชารักษ์
►หนังสือทั่วไป
บนชั้น
6. Book การพยาบาล
Book การพยาบาล
WY156 น578 ฉ.14 
  Barcode: 038960
ห้องสมุดวิทยาเขตสวรรค์ประชารักษ์
►หนังสือทั่วไป
บนชั้น
7. Book การพยาบาล
Book การพยาบาล
WY156 น578 ฉ.15 
  Barcode: 038961
ห้องสมุดวิทยาเขตสวรรค์ประชารักษ์
►หนังสือทั่วไป
ถูกยืม กำหนดส่งวันที่ 1 กันยายน 2565
  จอง
8. Book การพยาบาล
Book การพยาบาล
WY156 น578 ฉ.2 
  Barcode: 038948
ห้องสมุดวิทยาเขตสวรรค์ประชารักษ์
►หนังสือทั่วไป
บนชั้น
9. Book การพยาบาล
Book การพยาบาล
WY156 น578 ฉ.3 
  Barcode: 038949
ห้องสมุดวิทยาเขตสวรรค์ประชารักษ์
►หนังสือทั่วไป
บนชั้น
10. Book การพยาบาล
Book การพยาบาล
WY156 น578 ฉ.4 
  Barcode: 038950
ห้องสมุดวิทยาเขตสวรรค์ประชารักษ์
►หนังสือทั่วไป
บนชั้น
11. Book การพยาบาล
Book การพยาบาล
WY156 น578 ฉ.5 
  Barcode: 038951
ห้องสมุดวิทยาเขตสวรรค์ประชารักษ์
►หนังสือทั่วไป
บนชั้น
12. Book การพยาบาล
Book การพยาบาล
WY156 น578 ฉ.6 
  Barcode: 038952
ห้องสมุดวิทยาเขตสวรรค์ประชารักษ์
►หนังสือทั่วไป
บนชั้น
13. Book การพยาบาล
Book การพยาบาล
WY156 น578 ฉ.7 
  Barcode: 038953
ห้องสมุดวิทยาเขตสวรรค์ประชารักษ์
►หนังสือทั่วไป
บนชั้น
14. Book การพยาบาล
Book การพยาบาล
WY156 น578 ฉ.8 
  Barcode: 038954
ห้องสมุดวิทยาเขตสวรรค์ประชารักษ์
►หนังสือทั่วไป
บนชั้น
15. Book การพยาบาล
Book การพยาบาล
WY156 น578 ฉ.9 
  Barcode: 038955
ห้องสมุดวิทยาเขตสวรรค์ประชารักษ์
►หนังสือทั่วไป
บนชั้น

รายการใกล้เคียง
    ผู้แต่ง [นิตยา อังานิชเจริญ]

BibComment


ยังไม่เคยถูกคอมเมนท์

คอมเมนท์ทรัพยากรรายการนี้
  คอมเมนท์: การพยาบาลผู้ป่วย..


 Copyright 2026. Bcnsprnw @Library